Pipeline design for hydrocarbon gases and liquids : (Record no. 549979)

000 -LEADER
fixed length control field 00698cam a2200157 i 4500
082 00 - DEWEY DECIMAL CLASSIFICATION NUMBER
Classification number 621.8672
Author Mark PIP
110 2# - MAIN ENTRY--CORPORATE NAME
Corporate name or jurisdiction name as entry element American Society of Civil Engineers.
9 (RLIN) 702
245 10 - TITLE STATEMENT
Title Pipeline design for hydrocarbon gases and liquids :
Remainder of title report of the Task Committee on Engineering Practice in the Design of Pipelines /
Statement of responsibility, etc. Committee on Pipeline Planning, Pipeline Division.
260 ## - PUBLICATION, DISTRIBUTION, ETC.
Place of publication, distribution, etc. New York :
Name of publisher, distributor, etc. American Society of Civil Engineers,
Date of publication, distribution, etc. 1975.
300 ## - PHYSICAL DESCRIPTION
Extent 81 p. :
Other physical details ill. ;
Dimensions 22 cm.
526 ## - STUDY PROGRAM INFORMATION NOTE
Program name 0
Interest level 0
Reading level 0
Title point value 621_867200000000000_PIP
650 #0 - SUBJECT ADDED ENTRY--TOPICAL TERM
Topical term or geographic name entry element MCE
9 (RLIN) 379
650 #0 - SUBJECT ADDED ENTRY--TOPICAL TERM
Topical term or geographic name entry element Natural gas pipelines
General subdivision Design and construction.
9 (RLIN) 46715
650 #0 - SUBJECT ADDED ENTRY--TOPICAL TERM
Topical term or geographic name entry element Petroleum pipelines
General subdivision Design and construction.
9 (RLIN) 46716
942 ## - ADDED ENTRY ELEMENTS (KOHA)
Source of classification or shelving scheme
Koha item type Book
Holdings
Withdrawn status Lost status Source of classification or shelving scheme Damaged status Not for loan Permanent Location Current Location Date acquired Total Checkouts Full call number Barcode Date last seen Price effective from Koha item type
          Military College of Engineering (MCE) Military College of Engineering (MCE) 10/17/2014   621.8672 PIP MCE-42938 10/17/2014 10/17/2014 Book
© 2023 Central Library, National University of Sciences and Technology. All Rights Reserved.